[Event "Lichtenberger Sommer 2016"]
[Site "?"]
[Date "2016.08.17"]
[Round "5.76"]
[White "Wahner, Eberhard"]
[Black "Ziems, Michael"]
[Result "0-1"]
[WhiteElo "1511"]
[BlackElo "1802"]
[PlyCount "52"]
[EventDate "2016.??.??"]
[WhiteTeam "SC Eintracht Berlin"]
[BlackTeam "SV Empor Berlin"]

1. c4 e6 2. Nc3 d5 3. cxd5 exd5 4. Nf3 Nf6 5. d4 c6 6. g3 Bf5 7. Bg2 Be7 8. O-O
h6 9. Re1 O-O 10. Nh4 Bh7 11. e3 Nbd7 12. a3 a5 13. Nf3 Bd6 14. Nd2 Re8 15. e4
dxe4 16. Ndxe4 Bc7 17. Nxf6+ Nxf6 18. Rxe8+ Qxe8 19. Be3 Rd8 20. Rc1 Bf5 21. h3
Bxg3 22. Ne2 Bb8 23. Kh1 Be4 24. Qg1 Qe6 25. Bxh6 Qxh3+ 26. Qh2 Qxh2# 0-1

[Event "Lichtenberger Sommer 2016"]
[Site "?"]
[Date "2016.08.17"]
[Round "5.77"]
[White "Fontaine, Constantin"]
[Black "Kohlmeyer, Dagobert"]
[Result "0-1"]
[WhiteElo "1527"]
[BlackElo "1877"]
[PlyCount "46"]
[EventDate "2016.??.??"]
[WhiteTeam "SK Tempelhof 1931"]
[BlackTeam "SC Rochade (Berlin)"]

1. d4 d5 2. Nc3 e6 3. Nf3 Nf6 4. Bg5 Be7 5. e3 O-O 6. Bd3 h6 7. Bxf6 Bxf6 8. e4
dxe4 9. Bxe4 Nd7 10. O-O c6 11. Re1 Nb6 12. Ne5 Nd5 13. Nxd5 exd5 14. Bd3 Re8
15. c4 Bxe5 16. dxe5 Be6 17. b3 Qg5 18. Re3 Rad8 19. Rg3 Qxe5 20. cxd5 Qxd5 21.
Qd2 Bf5 22. Qxh6 Qe5 23. Qd2 Qxa1+ 0-1

[Event "Lichtenberger Sommer 2016"]
[Site "?"]
[Date "2016.08.17"]
[Round "5.78"]
[White "Wallmann, Bodo"]
[Black "Fock, Sana"]
[Result "1/2-1/2"]
[WhiteElo "1841"]
[BlackElo "1581"]
[PlyCount "67"]
[EventDate "2016.??.??"]
[WhiteTeam "SC Kreuzberg"]
[BlackTeam "SK International Berlin"]

1. d4 d5 2. Nf3 Nf6 3. e3 c6 4. Bd3 Bg4 5. Nbd2 e6 6. c3 Nbd7 7. Qb3 Qb6 8. Qa4
Be7 9. b4 O-O 10. O-O Qc7 11. Qc2 b6 12. Bb2 c5 13. bxc5 bxc5 14. c4 h6 15. h3
Bxf3 16. Nxf3 cxd4 17. exd4 dxc4 18. Ne5 Rac8 19. Rac1 Nxe5 20. dxe5 Nd5 21.
Bxc4 Bg5 22. Qe4 Bxc1 23. Rxc1 Qd7 24. Re1 Rfd8 25. Bc1 Ne7 26. Bb3 Qd4 27. Qf3
Qc3 28. Qe4 Rd4 29. Qe2 Qd3 30. Qh5 Qf5 31. Qe2 Ng6 32. f4 Qd3 33. Qf2 Rdd8 34.
Qxa7 1/2-1/2

[Event "Lichtenberger Sommer 2016"]
[Site "?"]
[Date "2016.08.17"]
[Round "5.79"]
[White "Stiemerling, Andreas"]
[Black "Schacht, Thomas"]
[Result "0-1"]
[WhiteElo "1752"]
[BlackElo "1678"]
[PlyCount "50"]
[EventDate "2016.??.??"]
[WhiteTeam "SSV Rotation Berlin"]
[BlackTeam "BSV 63 Chemie Weißensee"]

1. c4 Nf6 2. d4 e6 3. Nc3 d5 4. e3 c6 5. Nf3 dxc4 6. Bxc4 b5 7. Bd3 Be7 8. O-O
O-O 9. a3 Nbd7 10. Ne4 Bb7 11. b4 Qc7 12. Bd2 Rad8 13. Rc1 e5 14. Nxf6+ Bxf6
15. Bxb5 Qb6 16. dxe5 Nxe5 17. Be2 Nd3 18. Rc2 Ba6 19. Qb1 Bc8 20. Bc3 c5 21.
Bxf6 Qxf6 22. Rd1 Bf5 23. Qb3 Nxb4 24. Rxd8 Bxc2 25. Rxf8+ Kxf8 0-1

[Event "Lichtenberger Sommer 2016"]
[Site "?"]
[Date "2016.08.17"]
[Round "5.80"]
[White "Bastian, Reinhard"]
[Black "Schäfer, Heiko"]
[Result "0-1"]
[WhiteElo "1441"]
[BlackElo "2078"]
[PlyCount "100"]
[EventDate "2016.??.??"]
[WhiteTeam "vereinslos"]
[BlackTeam "Potsdamer SV"]

1. e4 e6 2. d4 d5 3. exd5 exd5 4. Nf3 Nf6 5. Bg5 Bd6 6. Bd3 O-O 7. O-O Bg4 8.
c3 Nbd7 9. Nbd2 Re8 10. Qc2 h6 11. Bh4 c5 12. Rae1 Qc7 13. Bg3 Bxg3 14. hxg3 a6
15. Bf5 Bxf5 16. Qxf5 g6 17. Qf4 Qxf4 18. gxf4 Ne4 19. Nxe4 Rxe4 20. Rxe4 dxe4
21. Ne5 Nxe5 22. fxe5 cxd4 23. cxd4 Rc8 24. d5 Re8 25. e6 fxe6 26. d6 Rd8 27.
Rc1 Rxd6 28. Rc8+ Kf7 29. Rc7+ Kf6 30. Rxb7 Rd1+ 31. Kh2 Kf5 32. Rb6 Rd2 33.
Kg1 Rd1+ 34. Kh2 Ke5 35. Rxa6 Rd2 36. Kg1 Rxb2 37. Ra8 Kf4 38. Kf1 e3 39. fxe3+
Kxe3 40. Ra3+ Kf4 41. Ra8 g5 42. a4 g4 43. a5 Kg3 44. Re8 Rb1+ 45. Ke2 Kxg2 46.
Rxe6 Ra1 47. Kd3 g3 48. Kc4 Kf3 49. Kb5 g2 50. Rf6+ Ke4 0-1

[Event "Lichtenberger Sommer 2016"]
[Site "?"]
[Date "2016.08.17"]
[Round "5.81"]
[White "Günther, Boris"]
[Black "Möller, Dirk"]
[Result "1-0"]
[WhiteElo "1693"]
[BlackElo "1577"]
[PlyCount "89"]
[EventDate "2016.??.??"]
[WhiteTeam "SF Friedrichshagen"]
[BlackTeam "SC Kreuzberg"]

1. d4 f5 2. Bg5 h6 3. Bh4 g5 4. e4 Nf6 5. Be2 e6 6. Bh5+ Ke7 7. Nh3 gxh4 8. Nf4
Rg8 9. exf5 d5 10. O-O Qd6 11. Ng6+ Kd8 12. Ne5 Qe7 13. Nf7+ Kd7 14. fxe6+ Kc6
15. c4 dxc4 16. Nc3 a6 17. Bf3+ Kb6 18. d5 Ka7 19. Qd4+ b6 20. Qxc4 Bb7 21. a3
Qc5 22. Qxh4 Nxd5 23. Nxd5 Bxd5 24. Rac1 Bxf3 25. g3 Qe7 26. Qxe7 Bxe7 27.
Rxc7+ Bb7 28. Rxe7 Nc6 29. Rc7 Rac8 30. Rd7 Nb8 31. Rxb7+ Kxb7 32. Nd6+ Kc7 33.
Nxc8 Kxc8 34. f4 Rf8 35. g4 Nc6 36. f5 Nd4 37. Kg2 Kd8 38. Rd1 Ke7 39. Rxd4 h5
40. h3 Rg8 41. Kf3 hxg4+ 42. hxg4 Rh8 43. Rd7+ Kf6 44. Kf4 Rf8 45. g5# 1-0

[Event "Lichtenberger Sommer 2016"]
[Site "?"]
[Date "2016.08.17"]
[Round "5.82"]
[White "Engelhardt, Erhard"]
[Black "Wilke, Hans-Peter"]
[Result "1-0"]
[WhiteElo "1754"]
[BlackElo "1613"]
[PlyCount "95"]
[EventDate "2016.??.??"]
[WhiteTeam "SSV Rotation Berlin"]
[BlackTeam "Läufer Reinickendorf"]

1. b4 c6 2. Bb2 d5 3. e3 Bf5 4. Nf3 e6 5. c4 Nf6 6. a3 Bd6 7. Qb3 O-O 8. d3
Nbd7 9. Nbd2 Re8 10. Be2 Qe7 11. O-O Bg6 12. Rfe1 a5 13. c5 Bc7 14. d4 axb4 15.
axb4 Ne4 16. b5 Ba5 17. Red1 Nxd2 18. Nxd2 Bxd2 19. Rxd2 Rxa1+ 20. Bxa1 Ra8 21.
Ra2 Rxa2 22. Qxa2 Qd8 23. Qa7 Qb8 24. b6 f5 25. Bc3 Kf8 26. Be1 Be8 27. f4 Qc8
28. Bh4 Kf7 29. g4 Nf6 30. Bxf6 Kxf6 31. h3 g5 32. Qa1 Bg6 33. Qe1 h6 34. h4
fxg4 35. Bxg4 Bf5 36. hxg5+ hxg5 37. fxg5+ Kxg5 38. Bf3 Qb8 39. Qf2 Kg6 40.
Qg2+ Kf6 41. Qf2 Qg8+ 42. Kf1 Ke7 43. Qh2 Qg7 44. Kf2 Ke8 45. Qb8+ Kf7 46.
Qxb7+ Kf6 47. Qxg7+ Kxg7 48. b7 1-0

[Event "Lichtenberger Sommer 2016"]
[Site "?"]
[Date "2016.08.17"]
[Round "5.84"]
[White "Bahr, Arne"]
[Black "Schmole-Rostosky, Joachim"]
[Result "1-0"]
[WhiteElo "1646"]
[BlackElo "1580"]
[PlyCount "105"]
[EventDate "2016.??.??"]
[WhiteTeam "SG Turm Kiel"]
[BlackTeam "SF SW Merzhausen"]

1. f4 d5 2. b3 Nf6 3. e3 e6 4. Bb2 b6 5. Nf3 Nbd7 6. Bd3 Bb7 7. Nc3 a6 8. O-O
Nc5 9. Be2 Be7 10. d4 Nce4 11. Ne5 O-O 12. Bd3 c5 13. Ne2 Rc8 14. c4 Nd7 15.
Bxe4 dxe4 16. d5 exd5 17. Nxd7 Qxd7 18. Ng3 Rcd8 19. cxd5 Bxd5 20. Qh5 f6 21.
Rad1 Qe6 22. Nf5 g6 23. Nxe7+ Qxe7 24. Qe2 Bb7 25. Qc4+ Kg7 26. g4 Qf7 27. Qc3
Rde8 28. g5 Re6 29. Qc4 Kg8 30. gxf6 Ree8 31. Qxf7+ Rxf7 32. Rd6 b5 33. Rfd1 h5
34. Rd7 Ref8 35. Be5 Rxd7 36. Rxd7 Rf7 37. Rd8+ Kh7 38. Rd2 Kh6 39. Rd8 Kh7 40.
h4 c4 41. bxc4 bxc4 42. Kf2 Bc6 43. Ke1 Bb5 44. Kd2 a5 45. Kc3 a4 46. a3 Bd7
47. Kxc4 Be6+ 48. Kd4 Bf5 49. Kd5 Bd7 50. Kxe4 Bc6+ 51. Kd4 Rb7 52. f7 Rxf7 53.
Rh8# 1-0

[Event "Lichtenberger Sommer 2016"]
[Site "?"]
[Date "2016.08.17"]
[Round "5.85"]
[White "Ho, Ngoc Hai-Dang"]
[Black "Udet, Fabian"]
[Result "0-1"]
[WhiteElo "1242"]
[BlackElo "1663"]
[PlyCount "88"]
[EventDate "2016.??.??"]
[WhiteTeam "SF Friedrichshagen"]
[BlackTeam "1. SC Anhalt"]

1. e4 c5 2. Nf3 e6 3. Nc3 Nc6 4. d4 cxd4 5. Nxd4 Bc5 6. Ndb5 Nge7 7. Na4 Bb4+
8. c3 a6 9. Nd4 Ba5 10. Be2 O-O 11. O-O b5 12. Nc5 d6 13. Ncb3 Bb6 14. Be3 Nxd4
15. Bxd4 Bb7 16. Qd3 f5 17. Bf3 e5 18. Be3 f4 19. Bxb6 Qxb6 20. Rad1 Rad8 21.
c4 Bc6 22. Rd2 Kh8 23. Rfd1 bxc4 24. Qxc4 Rf6 25. Qc3 Bb5 26. Qa5 Qb8 27. Be2
Bxe2 28. Rxe2 f3 29. gxf3 Rxf3 30. Qxa6 d5 31. Qe6 dxe4 32. Rde1 Ng6 33. Rxe4
Rdf8 34. Rf1 Qa7 35. Re2 Nf4 36. Qxe5 Nxe2+ 37. Qxe2 Qxa2 38. Nd4 R3f6 39. Re1
Qd5 40. Qe5 Rg6+ 41. Kf1 Qg2+ 42. Ke2 Qxf2+ 43. Kd3 Qxb2 44. Rf1 Qa3+ 0-1

[Event "Lichtenberger Sommer 2016"]
[Site "?"]
[Date "2016.08.17"]
[Round "5.86"]
[White "Wolfram, Mike"]
[Black "Kreuchauf, Olaf"]
[Result "1-0"]
[WhiteElo "1556"]
[BlackElo "1777"]
[PlyCount "45"]
[EventDate "2016.??.??"]
[WhiteTeam "Lok Pritzwalk"]
[BlackTeam "SC Eintracht Berlin"]

1. d4 Nf6 2. c4 c5 3. e3 g6 4. Nc3 cxd4 5. exd4 d5 6. Nf3 Bg7 7. cxd5 Nbd7 8.
Bb5 O-O 9. O-O Nb6 10. Re1 a6 11. Ba4 Nfxd5 12. Bb3 e6 13. Bg5 Nf6 14. Qd2 Nbd7
15. Ne4 b5 16. Qf4 Nh5 17. Qh4 Qc7 18. Rac1 Qb8 19. g4 Nf4 20. Re3 Bb7 21. Be7
Re8 22. Bd6 g5 23. Nfxg5 1-0

[Event "Lichtenberger Sommer 2016"]
[Site "?"]
[Date "2016.08.17"]
[Round "5.87"]
[White "Andresen, Klaus"]
[Black "Kramer, Ralf"]
[Result "1-0"]
[WhiteElo "1559"]
[BlackElo "1559"]
[PlyCount "69"]
[EventDate "2016.??.??"]
[WhiteTeam "Niendorfer TSV"]
[BlackTeam "SK Zehlendorf"]

1. c4 e5 2. g3 Nc6 3. Bg2 f5 4. Nc3 Nf6 5. d3 Bc5 6. Nf3 O-O 7. O-O a5 8. Nd5
Nxd5 9. cxd5 Ne7 10. Nxe5 d6 11. Nf3 Nxd5 12. Qb3 c6 13. Ng5 Kh8 14. Bxd5 cxd5
15. Qxd5 Qf6 16. Bf4 h6 17. Nf3 Be6 18. Qxb7 Rab8 19. Qc7 Rxb2 20. Be5 dxe5 21.
Qxc5 Rxe2 22. Rfe1 Rc8 23. Qxc8+ Bxc8 24. Rxe2 e4 25. Rd1 Ba6 26. Ne1 Qg5 27.
Re3 Bb7 28. Ng2 Qe7 29. dxe4 Qf8 30. Nf4 Kh7 31. e5 Qe8 32. Rc1 Qd7 33. e6 Qd2
34. Rec3 Qd6 35. Rc7 1-0

[Event "Lichtenberger Sommer 2016"]
[Site "?"]
[Date "2016.08.17"]
[Round "5.88"]
[White "Caglar, Erdal"]
[Black "Caglar, Ertan"]
[Result "0-1"]
[WhiteElo "1520"]
[BlackElo "1626"]
[PlyCount "62"]
[EventDate "2016.??.??"]
[WhiteTeam "SW Lichtenrade"]
[BlackTeam "SW Lichtenrade"]

1. Nf3 d5 2. g3 Nf6 3. d3 Bg4 4. Bg2 Nc6 5. Nbd2 Qd7 6. c3 e5 7. h3 Be6 8. Ng5
h6 9. Nxe6 fxe6 10. O-O g5 11. e4 O-O-O 12. b4 a6 13. a4 d4 14. b5 Na5 15. c4
Qg7 16. Nb3 Nxb3 17. Qxb3 Nd7 18. bxa6 bxa6 19. Ba3 Bxa3 20. Rxa3 Qe7 21. Rb1
Nc5 22. Qb4 Kd7 23. Raa1 Nxd3 24. Qxe7+ Kxe7 25. Rb7 Kd6 26. Kf1 Rhf8 27. f3
Nc5 28. Rb2 h5 29. Ke2 Rb8 30. Rab1 Rxb2+ 31. Rxb2 Nxa4 0-1

[Event "Lichtenberger Sommer 2016"]
[Site "?"]
[Date "2016.08.17"]
[Round "5.89"]
[White "Gräbnitz, Marc-Florian"]
[Black "Reck, Jessica"]
[Result "0-1"]
[WhiteElo "1320"]
[BlackElo "1653"]
[PlyCount "62"]
[EventDate "2016.??.??"]
[WhiteTeam "SC Eintracht Berlin"]
[BlackTeam "SK König Tegel"]

1. d4 g6 2. c4 Bg7 3. Nc3 d6 4. e4 Nf6 5. f3 O-O 6. Be3 c5 7. d5 e6 8. Qd2 exd5
9. cxd5 Re8 10. O-O-O a6 11. Bh6 Bh8 12. Bd3 b5 13. g4 Nbd7 14. h4 Ne5 15. h5
b4 16. Nb1 c4 17. Bc2 Qb6 18. Qd4 Qa5 19. Bf4 Nfxg4 20. fxg4 Nd3+ 21. Rxd3 Bxd4
22. Rxd4 b3 23. axb3 cxb3 24. Bxb3 Qb6 25. Rd3 Rxe4 26. Bd2 Bxg4 27. hxg6 Rc8+
28. Bc3 fxg6 29. Nd2 Re1+ 30. Kc2 Bd1+ 31. Kb1 Bxb3# 0-1

[Event "Lichtenberger Sommer 2016"]
[Site "?"]
[Date "2016.08.17"]
[Round "5.90"]
[White "Spreer, Lutz"]
[Black "Paris, Gerhard"]
[Result "1-0"]
[WhiteElo "1651"]
[BlackElo "1486"]
[PlyCount "25"]
[EventDate "2016.??.??"]
[WhiteTeam "Burgstädter TSV"]
[BlackTeam "TSG Oberschöneweide"]

1. e4 e5 2. Bc4 Nf6 3. d4 exd4 4. e5 Bb4+ 5. c3 dxc3 6. bxc3 Qe7 7. Qe2 d5 8.
exf6 Bxc3+ 9. Nxc3 Qe6 10. Nxd5 Qxe2+ 11. Bxe2 Kd7 12. fxg7 Rd8 13. Bg5 1-0

[Event "Lichtenberger Sommer 2016"]
[Site "?"]
[Date "2016.08.17"]
[Round "5.91"]
[White "Gläsmann, Christian"]
[Black "Fiedler, Ronald"]
[Result "0-1"]
[WhiteElo "1518"]
[BlackElo "1700"]
[PlyCount "74"]
[EventDate "2016.??.??"]
[WhiteTeam "SC Erkrath"]
[BlackTeam "Läufer Reinickendorf"]

1. e4 c5 2. Nf3 d6 3. Nc3 Nc6 4. Bc4 e6 5. O-O Nf6 6. Bb5 Bd7 7. d4 cxd4 8.
Nxd4 Qc7 9. Bxc6 Bxc6 10. Nxc6 Qxc6 11. Re1 Rd8 12. Bg5 Be7 13. a4 a6 14. Bxf6
Bxf6 15. Qf3 O-O 16. Rad1 h6 17. Rd3 Bxc3 18. Rxc3 Qxa4 19. e5 Qb4 20. b3 d5
21. Kf1 Rc8 22. Rxc8 Rxc8 23. Qd3 Rc3 24. Qd2 Qb5+ 25. Re2 Rc8 26. g3 Qc6 27.
Qd4 Qc5 28. Qxc5 Rxc5 29. Ke1 Kf8 30. Kd2 Ke7 31. Kd3 f6 32. f4 Rc8 33. c4 Rc5
34. Rc2 b6 35. b4 dxc4+ 36. Rxc4 Rd5+ 37. Ke3 fxe5 0-1

[Event "Lichtenberger Sommer 2016"]
[Site "?"]
[Date "2016.08.17"]
[Round "5.92"]
[White "Lippianowski, Stefan"]
[Black "Fock, Amina"]
[Result "0-1"]
[WhiteElo "1150"]
[BlackElo "1511"]
[PlyCount "78"]
[EventDate "2016.??.??"]
[WhiteTeam "SV Mattnetz Berlin"]
[BlackTeam "SK International Berlin"]

1. e4 d5 2. Bb5+ c6 3. Be2 dxe4 4. Nc3 Nf6 5. d3 exd3 6. Bxd3 Bg4 7. f3 Bh5 8.
Bf4 e6 9. Nh3 Bd6 10. Bc4 Be7 11. g4 Bg6 12. g5 Nd5 13. Be5 Ne3 14. Qxd8+ Bxd8
15. Bd3 Bxd3 16. cxd3 Nc2+ 17. Kf2 Nxa1 18. Rxa1 Rg8 19. f4 Nd7 20. Bd6 Bb6+
21. Kg2 O-O-O 22. Be7 Rde8 23. Bd6 Bc7 24. Ne4 Kb8 25. Bb4 Nb6 26. Kg3 Nd5 27.
Bd2 Ne7 28. Kf3 e5 29. Nc5 Kc8 30. a4 exf4 31. Nf2 Nd5 32. Nfe4 b6 33. Na6 Kb7
34. Nb4 Nxb4 35. Bxb4 c5 36. Bd2 Rd8 37. Re1 Rxd3+ 38. Ke2 Rgd8 39. b4 cxb4 0-1

[Event "Lichtenberger Sommer 2016"]
[Site "?"]
[Date "2016.08.17"]
[Round "5.93"]
[White "Pöltelt, Helmut"]
[Black "Chung, Nicholas"]
[Result "1-0"]
[WhiteElo "1749"]
[BlackElo "1402"]
[PlyCount "67"]
[EventDate "2016.??.??"]
[WhiteTeam "SC Eintracht Berlin"]
[BlackTeam "TuS Makkabi Berlin"]

1. e4 c5 2. Nf3 Nc6 3. d4 cxd4 4. Nxd4 e5 5. Nf3 Nf6 6. Nc3 Bc5 7. Bg5 h6 8.
Bh4 Bb4 9. Bd3 d6 10. h3 Be6 11. a3 Bxc3+ 12. bxc3 Qa5 13. Qd2 g5 14. Bg3 Ke7
15. c4 Qxd2+ 16. Nxd2 Nd7 17. f3 Nb6 18. Bf2 Rhd8 19. c5 Na4 20. cxd6+ Rxd6 21.
Rb1 Rd7 22. O-O Nd4 23. Nc4 Bxc4 24. Bxc4 b6 25. Rbc1 Rc8 26. Bd3 Rdc7 27. Bxd4
exd4 28. f4 f6 29. fxg5 hxg5 30. Rf5 Rc5 31. Re1 Rc3 32. e5 Rxa3 33. exf6+ Kd6
34. f7 1-0

[Event "Lichtenberger Sommer 2016"]
[Site "?"]
[Date "2016.08.17"]
[Round "5.94"]
[White "Schwager, Thomas"]
[Black "Eichstädt, Torsten"]
[Result "1-0"]
[WhiteElo "1632"]
[BlackElo "1346"]
[PlyCount "103"]
[EventDate "2016.??.??"]
[WhiteTeam "SC Friesen Lichtenberg"]
[BlackTeam "SC Friesen Lichtenberg"]

1. d4 d5 2. c4 c6 3. cxd5 cxd5 4. Nc3 Nf6 5. Nf3 Nc6 6. Bg5 e6 7. e3 Be7 8. Rc1
O-O 9. Qb3 Na5 10. Qc2 h6 11. Bh4 Nh5 12. Bxe7 Qxe7 13. Be2 Nc6 14. O-O Nb4 15.
Qb1 Na6 16. Ne5 Nf6 17. Bxa6 bxa6 18. Na4 Ne4 19. Qc2 Bb7 20. Qc7 Qb4 21. Nc5
Rab8 22. Ned3 Qd2 23. Rcd1 Qc2 24. Nxe6 Qxc7 25. Nxc7 Rfc8 26. Rc1 Nd2 27. Rfd1
Nc4 28. b3 Na5 29. Nb4 Rd8 30. Ncxa6 Rbc8 31. Rc5 Rxc5 32. Nxc5 Ba8 33. Rc1 Rc8
34. Ncd3 Rd8 35. Kf1 f6 36. Rc7 Nb7 37. Nc6 Re8 38. Nxa7 Nd6 39. Nc5 Ne4 40.
Nxe4 dxe4 41. Rc8 Kf8 42. Rxe8+ Kxe8 43. Nb5 Kd7 44. Ke2 Bb7 45. Nc3 Ba6+ 46.
Kd2 f5 47. f3 Bd3 48. fxe4 fxe4 49. Nd1 Bf1 50. g3 Kd6 51. a3 Kd5 52. Nc3+ 1-0

[Event "Lichtenberger Sommer 2016"]
[Site "?"]
[Date "2016.08.17"]
[Round "5.95"]
[White "Baumgaertner, Andre"]
[Black "Klühs, Isabel"]
[Result "1-0"]
[WhiteElo "1724"]
[BlackElo "1095"]
[PlyCount "53"]
[EventDate "2016.??.??"]
[WhiteTeam "SC Friesen Lichtenberg"]
[BlackTeam "Borussia Friedrichsfelde"]

1. d4 Nf6 2. c4 e5 3. e3 Bb4+ 4. Bd2 Bxd2+ 5. Nxd2 exd4 6. exd4 O-O 7. Bd3 d5
8. Ne2 Nc6 9. O-O Bg4 10. f3 Be6 11. Kh1 dxc4 12. Nxc4 Bxc4 13. Bxc4 Ne7 14.
Re1 Ng6 15. Ng3 Re8 16. Qb3 Rxe1+ 17. Rxe1 Qd7 18. Qc3 Rd8 19. Qb3 Re8 20. Ne4
Nxe4 21. fxe4 b6 22. Rf1 Rf8 23. e5 Kh8 24. e6 fxe6 25. Rxf8+ Nxf8 26. Qf3 Ng6
27. Qa8+ 1-0

[Event "Lichtenberger Sommer 2016"]
[Site "?"]
[Date "2016.08.17"]
[Round "5.96"]
[White "Caglar, Bertan"]
[Black "Mueller, Jörg René"]
[Result "0-1"]
[WhiteElo "1152"]
[BlackElo "1557"]
[PlyCount "60"]
[EventDate "2016.??.??"]
[WhiteTeam "SW Lichtenrade"]
[BlackTeam "SC Zugzwang 95 (Berlin)"]

1. Nf3 d5 2. g3 c6 3. Bg2 Qc7 4. d3 e5 5. Nbd2 Be7 6. O-O Nf6 7. e4 d4 8. c3 c5
9. Qc2 Nc6 10. a3 a5 11. Rb1 Be6 12. Ng5 Bd7 13. b4 h6 14. Ngf3 a4 15. bxc5
Bxc5 16. cxd4 exd4 17. Nc4 b6 18. Bf4 Qd8 19. Nd6+ Bxd6 20. Bxd6 Rc8 21. Qxa4
Ne5 22. Qd1 Nxf3+ 23. Qxf3 Bg4 24. Qf4 g5 25. Qd2 Qxd6 26. Rfe1 Nd7 27. h3 Be6
28. a4 O-O 29. a5 bxa5 30. Qxa5 Rc3 0-1

[Event "Lichtenberger Sommer 2016"]
[Site "?"]
[Date "2016.08.17"]
[Round "5.97"]
[White "Raasch, Hauke"]
[Black "Goroll, Hans-Juergen"]
[Result "1-0"]
[WhiteElo "1269"]
[BlackElo "1647"]
[PlyCount "57"]
[EventDate "2016.??.??"]
[WhiteTeam "SC Eintracht Berlin"]
[BlackTeam "Umweltbundesamt (FV Schach)"]

1. d4 d5 2. Nf3 Nf6 3. e3 e6 4. Bd3 c5 5. c3 Nc6 6. Nbd2 Be7 7. O-O O-O 8. dxc5
Bxc5 9. e4 dxe4 10. Nxe4 Nxe4 11. Bxe4 Qc7 12. Bc2 h6 13. h3 b5 14. a3 Bb7 15.
Qd3 f5 16. Qxb5 Bb6 17. Qe2 Rae8 18. Bb3 Bc8 19. Re1 Kh8 20. Ne5 Rf6 21. Nxc6
Qxc6 22. Qc4 Qxc4 23. Bxc4 g5 24. Be3 Bxe3 25. Rxe3 f4 26. Rd3 Kg7 27. Rad1 a5
28. Rd8 Kf8 29. Bb5 1-0

[Event "Lichtenberger Sommer 2016"]
[Site "?"]
[Date "2016.08.17"]
[Round "5.98"]
[White "Klühs, Gustaf"]
[Black "Toth, Hans-Jürgen"]
[Result "1-0"]
[WhiteElo "1407"]
[BlackElo "1623"]
[PlyCount "89"]
[EventDate "2016.??.??"]
[WhiteTeam "Borussia Friedrichsfelde"]
[BlackTeam "SF Zehdenick"]

1. d4 f5 2. Nf3 e6 3. Bf4 Nf6 4. e3 d5 5. Nbd2 Bd6 6. Bxd6 Qxd6 7. c4 b6 8.
cxd5 exd5 9. Be2 O-O 10. O-O Ba6 11. Bxa6 Nxa6 12. a3 Rae8 13. Qa4 b5 14. Qc2
c6 15. Qxf5 Ne4 16. Qg4 Re6 17. Nxe4 Rxe4 18. Qg3 Qxg3 19. hxg3 Rf6 20. Rfc1
Nb8 21. Kf1 Re7 22. Ke2 a5 23. Ne5 Rc7 24. Rc2 Nd7 25. Nxd7 Rxd7 26. Rc5 Rdf7
27. Rf1 g5 28. a4 Rb7 29. axb5 Rxb5 30. Rxb5 cxb5 31. Rc1 Rd6 32. Rc5 b4 33.
Rxa5 Rc6 34. Rc5 Rd6 35. Rb5 g4 36. Rxb4 Rh6 37. Rb5 Rd6 38. b4 Kf7 39. Rb7+
Kg6 40. b5 h6 41. Rc7 Kf5 42. Rc6 Ke6 43. Rxd6+ Kxd6 44. f3 h5 45. f4 1-0

[Event "Lichtenberger Sommer 2016"]
[Site "?"]
[Date "2016.08.17"]
[Round "5.99"]
[White "Stark, Steven"]
[Black "Geist, Wolfgang"]
[Result "1/2-1/2"]
[WhiteElo "1475"]
[BlackElo "1447"]
[PlyCount "60"]
[EventDate "2016.??.??"]
[WhiteTeam "BSC Rehberge"]
[BlackTeam "SC Weisse Dame (Berlin)"]

1. d4 Nf6 2. e3 d5 3. b3 e6 4. Nf3 Be7 5. Bb2 O-O 6. a3 c6 7. Nbd2 Nbd7 8. h3
Ne4 9. Nb1 Nd6 10. Nbd2 Nf6 11. Qe2 Nde4 12. O-O-O Bxa3 13. g4 Bxb2+ 14. Kxb2
Nxd2 15. Nxd2 a5 16. Bg2 Qb6 17. Ra1 Bd7 18. Qd3 c5 19. dxc5 Qxc5 20. Qd4 b6
21. Qxc5 bxc5 22. c4 Bc6 23. Rhc1 Ne4 24. Nxe4 dxe4 25. Kc3 Rfd8 26. Bf1 g6 27.
g5 Kg7 28. h4 h5 29. Be2 f5 30. Rc2 e5 1/2-1/2

[Event "Lichtenberger Sommer 2016"]
[Site "?"]
[Date "2016.08.17"]
[Round "5.100"]
[White "Petersen, Sophie"]
[Black "Fischer, Josef"]
[Result "0-1"]
[WhiteElo "1014"]
[BlackElo "1386"]
[PlyCount "54"]
[EventDate "2016.??.??"]
[WhiteTeam "SV Rüdersdorf"]
[BlackTeam "SK Kriegshaber"]

1. e4 e6 2. d4 d5 3. exd5 exd5 4. Bd3 Be7 5. Nf3 Nf6 6. O-O O-O 7. Bf4 c5 8. c3
Nc6 9. a3 Bg4 10. Nbd2 Qb6 11. Qb3 Qxb3 12. Nxb3 c4 13. Bxc4 dxc4 14. Nbd2 Bxf3
15. Nxf3 Nd5 16. Bg3 Rae8 17. Rad1 f5 18. Be5 Nxe5 19. Nxe5 Nb6 20. Rfe1 Bd6
21. f4 Re7 22. g3 Rfe8 23. Kh1 Kf8 24. Re2 Bxe5 25. dxe5 Rd7 26. Rdd2 Red8 27.
a4 Rxd2 0-1

[Event "Lichtenberger Sommer 2016"]
[Site "?"]
[Date "2016.08.17"]
[Round "5.101"]
[White "Motsch, Sebastian"]
[Black "Gutewort, Paul Emil"]
[Result "0-1"]
[WhiteElo "1036"]
[BlackElo "1578"]
[PlyCount "78"]
[EventDate "2016.??.??"]
[WhiteTeam "Ludwigsfelder SC"]
[BlackTeam "SF Nordost Berlin"]

1. e4 e5 2. Nf3 Nc6 3. Bc4 Bc5 4. d3 Nf6 5. O-O d6 6. Bg5 O-O 7. Nbd2 h6 8. Be3
Bxe3 9. fxe3 Na5 10. b3 Nxc4 11. bxc4 b6 12. Nh4 Nxe4 13. Nxe4 Qxh4 14. Rf2 f5
15. Nd2 Bb7 16. Nf3 Qe7 17. c3 g5 18. d4 g4 19. Ne1 h5 20. d5 Qg5 21. Nc2 Kg7
22. Qd2 Rh8 23. Raf1 Raf8 24. Ne1 Rh6 25. Nf3 gxf3 26. Rxf3 Rg6 27. Rg3 Qh6 28.
Rff3 h4 29. Rh3 Bc8 30. Qf2 Rg4 31. Kh1 Rxc4 32. Qe1 Rh8 33. Rf2 f4 34. exf4
Bxh3 35. gxh3 Rxf4 36. Rg2+ Kf6 37. Qg1 Rh7 38. Rg8 Rg7 39. Rf8+ Ke7 0-1

[Event "Lichtenberger Sommer 2016"]
[Site "?"]
[Date "2016.08.17"]
[Round "5.102"]
[White "Koerber, Bernhard"]
[Black "Dittrich, Hans-Juergen"]
[Result "1-0"]
[WhiteElo "1567"]
[BlackElo "1345"]
[PlyCount "35"]
[EventDate "2016.??.??"]
[WhiteTeam "Lasker Steglitz-Wilmersdorf"]
[BlackTeam "vereinslos"]

1. e4 Nf6 2. e5 Nd5 3. c4 Nb6 4. d4 d6 5. f4 dxe5 6. fxe5 Bf5 7. Nf3 f6 8. Be3
Bg4 9. Be2 fxe5 10. Nxe5 Bxe2 11. Qxe2 N8d7 12. O-O Nxe5 13. Qh5+ g6 14. Qxe5
Rg8 15. Qe6 Rh8 16. Qf7+ Kd7 17. c5 Na4 18. Qb3 1-0

[Event "Lichtenberger Sommer 2016"]
[Site "?"]
[Date "2016.08.17"]
[Round "5.103"]
[White "Andersohn, Marco"]
[Black "Lieger, Lucas"]
[Result "1-0"]
[WhiteElo "1300"]
[BlackElo "1239"]
[PlyCount "55"]
[EventDate "2016.??.??"]
[WhiteTeam "SC Weisse Dame (Berlin)"]
[BlackTeam "SC Eintracht Berlin"]

1. e4 d5 2. d4 c6 3. Nc3 dxe4 4. Nxe4 Bf5 5. Ng3 Bg6 6. Nf3 h6 7. Ne5 Bh7 8.
Bc4 e6 9. O-O Qc7 10. Qf3 Nf6 11. Bb3 Nbd7 12. Re1 Nxe5 13. dxe5 Nd7 14. Qe2
O-O-O 15. Be3 Bc5 16. f4 Rdg8 17. Rf1 Bxe3+ 18. Qxe3 g6 19. Qxa7 h5 20. Qa8+
Nb8 21. Qa3 h4 22. Ne2 g5 23. Qd6 gxf4 24. Rxf4 h3 25. Qxc7+ Kxc7 26. Rxf7+ Kc8
27. Bxe6+ Kd8 28. Bxh3 1-0